Afghanistan: A Cultural and Political History/ (Record no. 478203)

000 -LEADER
fixed length control field 00473nam a22001697a 4500
005 - DATE AND TIME OF LATEST TRANSACTION
control field 20220228142227.0
008 - FIXED-LENGTH DATA ELEMENTS--GENERAL INFORMATION
fixed length control field 180409b ||||| |||| 00| 0 eng d
020 ## - INTERNATIONAL STANDARD BOOK NUMBER
International Standard Book Number 9780691154411
040 ## - CATALOGING SOURCE
Transcribing agency c
082 ## - DEWEY DECIMAL CLASSIFICATION NUMBER
Classification number 958.1 BAR
100 ## - MAIN ENTRY--PERSONAL NAME
Personal name Barfield, Thomas
9 (RLIN) 10207
245 ## - TITLE STATEMENT
Title Afghanistan: A Cultural and Political History/
Statement of responsibility, etc. Thomas Barfield
260 ## - PUBLICATION, DISTRIBUTION, ETC.
Place of publication, distribution, etc. United States:
Name of publisher, distributor, etc. Princeton Press,
Date of publication, distribution, etc. 2010.
300 ## - PHYSICAL DESCRIPTION
Extent 389 p. ;
Dimensions 22 cm.
500 ## - GENERAL NOTE
General note Paperback.
942 ## - ADDED ENTRY ELEMENTS (KOHA)
Source of classification or shelving scheme
Koha item type Book
Holdings
Withdrawn status Lost status Source of classification or shelving scheme Damaged status Not for loan Permanent Location Current Location Shelving location Date acquired Full call number Barcode Date last seen Price effective from Koha item type
          School of Mechanical & Manufacturing Engineering (SMME) School of Mechanical & Manufacturing Engineering (SMME) General Stacks 04/09/2018 958.1 BAR SMME-2281 02/28/2022 04/09/2018 Book
© 2023 Central Library, National University of Sciences and Technology. All Rights Reserved.